000 00645nam a2200241Ia 4500
005 20250508152244.0
008 008 250505s9999 xx 000 0 eng d
037 _aTextual
040 _aFEDL
_beng
_cFEDL
041 _aeng
_2eng
084 _a158, CRO
_qFEDL
100 _aCrow Lester D
245 0 _aMental hygiene
250 _a2
260 _aNew York, USA
_bMcGraw-Hill Book Company
_c1951
300 _axviii,433p
365 _aINR
_b28.87
490 _aMcGraw-Hill series in education
650 _aApplied Psychology
700 _a Crow Alice
_9761083
942 _cTEXL
_h158, CRO
999 _c1335321
_d1335321